Which Country Am I? #1 - Statistics

General Stats
  • This quiz has been taken 524 times
  • The average score is 14 of 15
Answer Stats
Question Answer % Correct
It's shaped like a boot, and the capital, which wasn't built in a day, is nicknamed The Eternal City. Italy
100%
It's the home of Big Ben, Buckingham Palace and a couple of Princes named William and Harry. United Kingdom
100%
Peeps from this land down under like to greet each other by saying, "G'day mate!" Australia
95%
I am known for some of the world's best soccer players, and my official language is Portuguese. Brazil
95%
My official language is Arabic, my literacy rate is 71.4%, and I have housed two of the seven wonders of the ancient world. Egypt
95%
I have many incredible buildings and have an ancient history. Democracy was born in my country. Greece
95%
I am a small country on an island in the north Atlantic sea. My landscape is often mistaken due to my name, and some of the best Norse sagas were found here. Iceland
95%
I am a chain of islands off the eastern coast of Asia, and one of my claims to fame is a great monster called Godzilla. Japan
95%
My capital is Wellington, my literacy rate is 99% and a famous movie trilogy was filmed here in the early part of the 21st century. New Zealand
91%
I am located west of Hungary, and located south of Germany. My official language is German, and my hills are alive with the sound of music. Austria
86%
The name of this country, whose national animal is the beaver, comes from an Indian word that means "big village". Canada
86%
This mountainous country is home to Machu Picchu, which is known as "The Lost City" of the Incas Peru
86%
I am home to hundreds of volcanic islands and I am one of two countries in my continent that lies on the equator. Indonesia
82%
I do love my meat in crisp fried 'bread', my government is federal republic, and my capital would give my name away. Mexico
82%
In this country, people eat about a pound of rice a day and greet each other by asking, "Have you eaten?". My people also use different cutlery compared to Europe and North America China
77%
No matching quizzes found
Score Distribution
Percent of People with Each Score
Percentile by Number Answered
Your Score History
You have not taken this quiz